| 000 | 00580cas a22001815a 4500 | ||
|---|---|---|---|
| 001 | L156970 | ||
| 008 | 120802c2012 xxkqr eng u | ||
| 022 | 1 | _a20469594 | |
| 035 | _a(Sirsi) u156970 | ||
| 041 | 0 | _aeng | |
| 245 | 0 | 0 | _aJournal of Building Survey, Appraisal & Valuation |
| 260 |
_aLondon _bJournal of Building Survey, Appraisal and Valuation _c2012- |
||
| 362 | 0 | _a2012 - | |
| 500 | _aMost recent issue Volume 8 number 3, winter 2019-20. No copies after this date in the collection. | ||
| 651 | 4 | _aUnited Kingdom | |
| 690 |
_aValuation _96273 |
||
| 942 |
_n0 _2ddc |
||
| 999 |
_c119375 _d119375 |
||